[Event "OLNN 2223 Preetzer TSV - FC St. Pauli I"]
[Site "?"]
[Date "2022.12.11"]
[Round "3.7"]
[White "Priebe, Jan"]
[Black "Schwarzat, Julian"]
[Result "1/2-1/2"]
[WhiteElo "2232"]
[BlackElo "2128"]
[PlyCount "94"]
[EventDate "2022.??.??"]

1. e4 c6 2. d4 g6 3. c3 d5 4. Nd2 Bg7 5. Ngf3 dxe4 6. Nxe4 Nf6 7. Nxf6+ exf6 8. Be2 O-O 9. O-O Qc7 10. Re1 Be6 11. Nd2 Nd7 12. Bc4 Rae8 13. Bxe6 Rxe6 14. Rxe6 fxe6 15. Nf3 Re8 16. Be3 Bf8 17. h3 Nb6 18. Qb3 g5 19. a4 h5 20. Nd2 Nd5 21. Ne4 Kg7 22. Bd2 e5 23. dxe5 Rxe5 24. f3 f5 25. Nxg5 Bc5+ 26. Kh1 Be3 27. Qc2 Qe7 28. h4 Kg6 29. c4 Nb4 30. Qc3 Bxd2 31. Qxd2 Re2 32. Qc3 Re3 33. Qh8 Re1+ 34. Rxe1 Qxe1+ 35. Kh2 Qxh4+ 36. Nh3 Qxc4 37. Qe8+ Kf6 38. Qxh5 Nd5 39. Qh6+ Ke5 40. Qg7+ Kd6 41. Qxb7 Qxa4 42. Qb8+ Kd7 43. Qe5 f4 44. Ng5 Qb4 45. Ne4 Qe7 46. Qb8 Qh4+ 47. Kg1 Qe1+ 1/2-1/2

[Event "OLNN 2223 Preetzer TSV - FC St. Pauli I"]
[Site "?"]
[Date "2022.12.11"]
[Round "3.8"]
[White "Loftgaard, Mikkel Vinh"]
[Black "Grote, Dirk"]
[Result "1-0"]
[WhiteElo "2130"]
[BlackElo "2071"]
[PlyCount "77"]
[EventDate "2022.??.??"]

1. e4 c6 2. Nf3 d5 3. d3 dxe4 4. dxe4 Qxd1+ 5. Kxd1 Nf6 6. Nfd2 g6 7. c3 Bh6 8. f3 O-O 9. a4 Be6 10. Kc2 Nbd7 11. Be2 Rfd8 12. g3 Ne8 13. f4 Nd6 14. Re1 Nc5 15. Bf1 Ndxe4 16. Rxe4 Bf5 17. Bg2 Rd6 18. b4 Nxe4 19. Bxe4 Bxe4+ 20. Nxe4 Re6 21. Nbd2 f5 22. Nc5 Re2 23. Nxb7 Rxh2 24. Na5 Rc8 25. Kb3 Rg2 26. Nf1 Bg7 27. Be3 Rc7 28. Rd1 Re2 29. Nc4 Kf7 30. Rd8 Ke6 31. a5 Bf6 32. a6 Re1 33. Nfd2 Ra1 34. Na5 Rc1 35. Ne4 Re1 36. Nxf6 Rxe3 37. Ne8 Rd7 38. Ng7+ Kd6 39. Nc4+ 1-0

[Event "OLNN 2223 SK Johanneum Eppendorf - SC D"]
[Site "?"]
[Date "2022.12.11"]
[Round "3.1"]
[White "Schulenburg, Fabian"]
[Black "Wessman, Richard"]
[Result "1/2-1/2"]
[WhiteElo "2314"]
[BlackElo "2413"]
[PlyCount "40"]
[EventDate "2022.??.??"]

1. e4 e6 2. d4 d5 3. e5 c5 4. c3 Nc6 5. Nf3 Bd7 6. Be2 Rc8 7. O-O Nge7 8. dxc5 Ng6 9. b4 Ncxe5 10. Nxe5 Nxe5 11. f4 Ng6 12. Be3 Be7 13. Nd2 O-O 14. a4 Bf6 15. Bd4 Bxd4+ 16. cxd4 Qf6 17. Nf3 Qxf4 18. Ra3 Qc7 19. Re3 b6 20. Bd3 f5 1/2-1/2

[Event "OLNN 2223 SK Johanneum Eppendorf - SC D"]
[Site "?"]
[Date "2022.12.11"]
[Round "3.2"]
[White "Zart, Ruediger"]
[Black "Schulenburg, Torben"]
[Result "0-1"]
[WhiteElo "2142"]
[BlackElo "2214"]
[PlyCount "106"]
[EventDate "2022.??.??"]

1. c4 g6 2. g3 c5 3. Bg2 Bg7 4. Nc3 Nc6 5. Nf3 b6 6. O-O Bb7 7. e3 Nf6 8. d4 cxd4 9. exd4 O-O 10. Ne5 Na5 11. Bxb7 Nxb7 12. Qf3 Qc8 13. Bf4 Nd8 14. b3 d6 15. Nd3 Nc6 16. Be3 Qd7 17. d5 Ne5 18. Nxe5 dxe5 19. Rac1 Ng4 20. Bd2 f5 21. Qe2 e4 22. f3 exf3 23. Rxf3 Rf7 24. Re1 a6 25. Nd1 b5 26. Bc3 Bh6 27. Nf2 Nxf2 28. Rxf2 bxc4 29. bxc4 Rc8 30. Rb1 Qc7 31. Rb4 Qc5 32. Kg2 Bg5 33. Ra4 h5 34. Rxa6 Bf6 35. Bxf6 exf6 36. Rf4 Kg7 37. Qf2 Qb4 38. Qd4 Re8 39. Rb6 Qa4 40. Qd2 Rfe7 41. Rb2 Qa7 42. Qf2 Qd7 43. Rd4 Re5 44. Rdd2 f4 45. Qxf4 Re4 46. Qf1 Re1 47. Qf2 h4 48. h3 hxg3 49. Qxg3 R8e5 50. Rd4 R1e3 51. Rg4 Rxg3+ 52. Rxg3 Re4 53. Rc2 Rxc4 0-1

[Event "OLNN 2223 SK Johanneum Eppendorf - SC D"]
[Site "?"]
[Date "2022.12.11"]
[Round "3.3"]
[White "Mach, Holger"]
[Black "Keyser, Robin"]
[Result "1/2-1/2"]
[WhiteElo "2230"]
[BlackElo "2117"]
[PlyCount "156"]
[EventDate "2022.??.??"]

1. e4 e6 2. a3 d5 3. e5 c5 4. b4 Ne7 5. bxc5 d4 6. Nf3 Nec6 7. Bb5 Bxc5 8. O-O O-O 9. Qe2 b6 10. d3 Bb7 11. Bg5 Be7 12. Bf4 Na5 13. c3 Nb3 14. Ra2 dxc3 15. Nxc3 Nd4 16. Nxd4 Qxd4 17. Qd2 Rd8 18. Bc4 a6 19. Ne2 Qd7 20. Rd1 Nc6 21. Raa1 Rac8 22. Qe3 b5 23. Ba2 Nd4 24. Nxd4 Qxd4 25. Qg3 Rc3 26. Be3 Qa4 27. Bg5 Bxg5 28. Qxg5 Rd7 29. h4 Rxa3 30. h5 h6 31. Qd2 Qg4 32. f3 Qd4+ 33. Kh1 Qxe5 34. d4 Qxh5+ 35. Kg1 Bd5 36. Qc1 Rxa2 37. Qc8+ Kh7 38. Rxa2 Bxa2 39. Qxd7 b4 40. Qa4 b3 41. Qxa6 Qf5 42. Qe2 Bb1 43. Qb2 Bc2 44. Ra1 h5 45. Ra7 Qf4 46. Rb7 Qe3+ 47. Kh2 Kg6 48. Rb5 h4 49. Re5 Qf4+ 50. Kh1 h3 51. Re2 Kh7 52. Qc3 g6 53. d5 hxg2+ 54. Rxg2 Qc1+ 55. Kh2 Qf4+ 56. Kg1 e5 57. Rh2+ Kg7 58. d6 Bf5 59. Qxb3 Qd4+ 60. Kg2 Qxd6 61. Qe3 Qd4 62. Qh6+ Kf6 63. Qh8+ Ke7 64. Rh4 Qd2+ 65. Kg3 Qe1+ 66. Kg2 Bd3 67. Rh1 Qd2+ 68. Kg3 Qf4+ 69. Kf2 e4 70. Qh4+ Qxh4+ 71. Rxh4 exf3 72. Kxf3 f5 73. Ke3 Be4 74. Rxe4+ fxe4 75. Kxe4 Ke6 76. Kf4 Kf6 77. Kg4 g5 78. Kg3 Kf5 1/2-1/2

[Event "OLNN 2223 SK Johanneum Eppendorf - SC D"]
[Site "?"]
[Date "2022.12.11"]
[Round "3.4"]
[White "von Gleich, Alexander"]
[Black "Gottuk, Stefan"]
[Result "1-0"]
[WhiteElo "2240"]
[BlackElo "2157"]
[PlyCount "47"]
[EventDate "2022.??.??"]

1. Nf3 d6 2. d4 f5 3. g3 Nf6 4. Bg2 g6 5. O-O Bg7 6. c4 O-O 7. Nc3 Qe8 8. Re1 Qf7 9. e4 fxe4 10. Nxe4 h6 11. Nxf6+ Qxf6 12. Bd2 Bg4 13. Re3 Nc6 14. Bc3 Qf7 15. Qc2 g5 16. d5 Nd8 17. Nd4 Kh8 18. Rae1 Re8 19. Be4 e5 20. dxe6 Nxe6 21. Nxe6 Bxe6 22. Bg6 Qd7 23. Bxe8 Rxe8 24. Qg6 1-0

[Event "OLNN 2223 SK Johanneum Eppendorf - SC D"]
[Site "?"]
[Date "2022.12.11"]
[Round "3.6"]
[White "Wirthgen, Peter"]
[Black "Laqua, Christian"]
[Result "1/2-1/2"]
[WhiteElo "2110"]
[BlackElo "2088"]
[PlyCount "109"]
[EventDate "2022.??.??"]

1. d4 c5 2. d5 Nf6 3. c4 e5 4. Nc3 d6 5. e4 Nbd7 6. Bd3 Be7 7. h3 Nf8 8. f4 exf4 9. Bxf4 Ng6 10. Bg3 Nd7 11. Nf3 Qb6 12. Qb3 f6 13. O-O a6 14. Nd1 Qxb3 15. axb3 Nde5 16. Be2 O-O 17. Ne3 Bd7 18. Ne1 Rae8 19. Bh5 Nf7 20. Nd3 Bd8 21. Bf3 Nfe5 22. Nf2 Nh8 23. Bg4 Bxg4 24. Nfxg4 Nxg4 25. Nxg4 Nf7 26. Rfe1 Re7 27. Nf2 Rfe8 28. Kf1 Bc7 29. Bf4 Ne5 30. Bxe5 fxe5 31. Re3 Rf7 32. Rf3 Rxf3 33. gxf3 Rf8 34. Ke2 Bd8 35. Rg1 Bh4 36. Ng4 Kf7 37. Ne3 Be7 38. Nf5 g6 39. Ne3 Ke8 40. Rg4 Kf7 41. Rg1 Ke8 42. Ra1 Bd8 43. Ra4 a5 44. Ra1 Rf4 45. Ng2 Rf7 46. Rf1 Bg5 47. Ra1 b6 48. Rh1 h5 49. Rg1 Rf6 50. Ne1 Bh6 51. Nc2 Kd7 52. Ne1 Bc1 53. Nd3 Bh6 54. Nf2 Ke7 55. Nd3 1/2-1/2

[Event "OLNN 2223 SK Johanneum Eppendorf - SC D"]
[Site "?"]
[Date "2022.12.11"]
[Round "3.5"]
[White "Kilic, Oguz"]
[Black "Schroeder, Christoph"]
[Result "0-1"]
[WhiteElo "2055"]
[BlackElo "2114"]
[PlyCount "74"]
[EventDate "2022.??.??"]

1. e4 e6 2. Nc3 d5 3. d3 dxe4 4. dxe4 Qxd1+ 5. Nxd1 Nc6 6. Ne3 Nf6 7. f3 Be7 8. Bd2 Bd7 9. O-O-O O-O-O 10. Nh3 a6 11. a3 h6 12. Bc4 Ne8 13. Bc3 Bf6 14. Bxf6 Nxf6 15. Nf4 Ne5 16. Be2 Bc6 17. Rxd8+ Rxd8 18. Rd1 Rxd1+ 19. Kxd1 Kd7 20. Nc4 Nxc4 21. Bxc4 Kd6 22. Ke2 Kc5 23. Kd3 Bb5 24. Bxb5 axb5 25. Kc3 Nd7 26. Nd3+ Kb6 27. b4 Kc6 28. Kd4 Kd6 29. c4 Kc6 30. c5 b6 31. f4 f6 32. h4 h5 33. e5 f5 34. cxb6 Kxb6 35. g3 Kc6 36. Nc5 Nxc5 37. bxc5 g6 0-1

[Event "OLNN 2223 SK Johanneum Eppendorf - SC D"]
[Site "?"]
[Date "2022.12.11"]
[Round "3.7"]
[White "Buchholz, Robert"]
[Black "Ahmels, Volker"]
[Result "1/2-1/2"]
[WhiteElo "2000"]
[BlackElo "2170"]
[PlyCount "32"]
[EventDate "2022.??.??"]

1. d4 Nf6 2. c4 e6 3. Nf3 b6 4. g3 Bb7 5. Bg2 Bb4+ 6. Nbd2 O-O 7. O-O d5 8. a3 Be7 9. Ne5 Nfd7 10. Nxd7 Nxd7 11. cxd5 exd5 12. e3 a5 13. b3 Ra7 14. Re1 Bf6 15. Bb2 a4 16. Rc1 c5 1/2-1/2

[Event "OLNN 2223 SK Johanneum Eppendorf - SC D"]
[Site "?"]
[Date "2022.12.11"]
[Round "3.8"]
[White "Schueler, Hendrik"]
[Black "Apitzsch, Leon Fabian"]
[Result "1/2-1/2"]
[WhiteElo "2069"]
[BlackElo "1993"]
[PlyCount "63"]
[EventDate "2022.??.??"]

1. d4 Nf6 2. c4 e6 3. g3 d5 4. Bg2 Bb4+ 5. Nd2 O-O 6. Ngf3 Nbd7 7. O-O Be7 8. Qc2 b6 9. Ne5 Bb7 10. cxd5 Nxe5 11. d6 Bxg2 12. dxe7 Qxe7 13. dxe5 Bxf1 14. exf6 Qxf6 15. Nxf1 c5 16. Bd2 Rfd8 17. Bc3 Qf5 18. Qa4 e5 19. Rd1 Rxd1 20. Qxd1 Qe6 21. e4 b5 22. b3 b4 23. Be1 c4 24. Bxb4 cxb3 25. Qxb3 Qxb3 26. axb3 Rb8 27. Bc5 Rxb3 28. Bxa7 g6 29. Ne3 f6 30. Kg2 Kf7 31. g4 Ke6 32. Bc5 1/2-1/2

[Event "OLNN 2223 Schachfreunde HH - FC St. Pau"]
[Site "?"]
[Date "2023.01.15"]
[Round "4.1"]
[White "Mueller, Fabian"]
[Black "Nedic, Dusan"]
[Result "1/2-1/2"]
[WhiteElo "2311"]
[BlackElo "2289"]
[PlyCount "135"]
[EventDate "2023.??.??"]

1. d4 Nf6 2. c4 e6 3. Nf3 b6 4. g3 Ba6 5. Qc2 d5 6. cxd5 exd5 7. Bg2 Bb4+ 8. Nc3 O-O 9. O-O Bb7 10. Rd1 Nbd7 11. Bf4 c6 12. Ne5 Nh5 13. Qf5 Nxe5 14. Bxe5 g6 15. Qf3 f6 16. Bf4 Nxf4 17. Qxf4 f5 18. e3 Qf6 19. Qf3 Rae8 20. a3 Bd6 21. b4 a6 22. Rdb1 Qe7 23. Na4 Qc7 24. Nb2 a5 25. bxa5 b5 26. a4 b4 27. Nd3 Qxa5 28. Qd1 Ba6 29. Rc1 Rc8 30. Rab1 Bc4 31. Qd2 Rb8 32. Bf1 Qxa4 33. Nb2 Qa7 34. Nxc4 dxc4 35. Bxc4+ Kg7 36. Bb3 Qb6 37. h4 Ra8 38. Qc2 Rfc8 39. Qc4 Qc7 40. Kg2 Qe7 41. h5 Rc7 42. Ra1 Re8 43. Bd1 Qg5 44. Bf3 h6 45. hxg6 Qxg6 46. Ra6 Rxe3 47. Rxc6 Rxc6 48. Qxc6 Re7 49. Qa8 Re8 50. Qd5 Qe6 51. Qb7+ Re7 52. Qb6 f4 53. Rc6 Rd7 54. g4 h5 55. g5 h4 56. Qb5 h3+ 57. Kf1 Re7 58. Rc1 b3 59. Kg1 Rc7 60. Rxc7+ Bxc7 61. Kh2 Bd6 62. Qb7+ Kg6 63. Be4+ Kxg5 64. Qg7+ Kh4 65. Qh7+ Kg5 66. Qg7+ Kh4 67. Qh7+ Kg5 68. Qg7+ 1/2-1/2

[Event "OLNN 2223 Schachfreunde HH - FC St. Pau"]
[Site "?"]
[Date "2023.01.15"]
[Round "4.2"]
[White "Ritscher, Jan-Paul"]
[Black "Voigt, Martin"]
[Result "0-1"]
[WhiteElo "2262"]
[BlackElo "2330"]
[PlyCount "106"]
[EventDate "2023.??.??"]

1. d4 d5 2. c4 e6 3. Nf3 a6 4. g3 dxc4 5. Bg2 b5 6. Ne5 c6 7. Nxc6 Qb6 8. Nxb8 Rxb8 9. O-O Bb7 10. e4 Nf6 11. Nc3 b4 12. Na4 Qb5 13. Qc2 Be7 14. f3 O-O 15. Be3 Nd7 16. Rfc1 Bc6 17. b3 c3 18. a3 a5 19. axb4 axb4 20. Bf1 Qh5 21. g4 Qh4 22. Qf2 Qxf2+ 23. Kxf2 f5 24. Bc4 f4 25. Bxe6+ Kh8 26. Bd2 Bxa4 27. Rxa4 cxd2 28. Rd1 Nb6 29. Ra5 Bh4+ 30. Ke2 Be1 31. h4 Rfd8 32. Kd3 Bf2 33. d5 Be3 34. e5 Nd7 35. Bxd7 Rxd7 36. e6 Re7 37. Ke4 Kg8 38. Ke5 Kf8 39. Rda1 Rc7 40. Ra8 Rcc8 41. Rxb8 Rxb8 42. d6 Bc5 43. Rd1 Be3 44. Ra1 Ke8 45. h5 h6 46. Kd5 Kd8 47. Ke5 Rc8 48. Ke4 Ba7 49. Rd1 Rc2 50. Kxf4 Bb8 51. Ke5 Rc5+ 52. Kd4 Bxd6 53. Rxd2 Ke7 0-1

[Event "OLNN 2223 Schachfreunde HH - FC St. Pau"]
[Site "?"]
[Date "2023.01.15"]
[Round "4.3"]
[White "Trisic, Aleksandar"]
[Black "Andersen, Jens Knud"]
[Result "0-1"]
[WhiteElo "2286"]
[BlackElo "2158"]
[PlyCount "52"]
[EventDate "2023.??.??"]

1. e4 c5 2. Nf3 a6 3. d4 cxd4 4. Nxd4 Nf6 5. Nc3 e5 6. Nde2 Bc5 7. Ng3 d6 8. Bc4 Ng4 9. Qf3 Bxf2+ 10. Kd1 O-O 11. Nf5 Bxf5 12. exf5 d5 13. Bxd5 Bd4 14. Qxg4 Bxc3 15. Qc4 b5 16. Qb3 Ra7 17. Ke2 Rd7 18. Qxc3 Rxd5 19. Be3 Qd7 20. Qb3 Rd8 21. Bg5 Nc6 22. c3 Rd2+ 23. Ke1 Qd3 24. Bxd2 Qxd2+ 25. Kf1 Qf4+ 26. Ke1 Qe3+ 0-1

[Event "OLNN 2223 Schachfreunde HH - FC St. Pau"]
[Site "?"]
[Date "2023.01.15"]
[Round "4.4"]
[White "Bokelbrink, Uwe"]
[Black "Jahncke, Giso"]
[Result "1/2-1/2"]
[WhiteElo "2232"]
[BlackElo "2260"]
[PlyCount "106"]
[EventDate "2023.??.??"]

1. e4 e5 2. Nf3 Nc6 3. Bb5 a6 4. Ba4 Nf6 5. d3 b5 6. Bb3 Bc5 7. c3 d6 8. Bg5 h6 9. Bh4 g5 10. Bg3 Bb6 11. Nbd2 Na5 12. Bc2 c5 13. Nf1 Nc6 14. Ne3 Be6 15. a4 Nd7 16. Nd2 h5 17. h4 g4 18. Qe2 Ra7 19. axb5 axb5 20. Rxa7 Bxa7 21. O-O Ne7 22. f4 f6 23. Kh2 O-O 24. f5 Bf7 25. Ra1 Bb6 26. Bb3 Qe8 27. Ra6 Bxb3 28. Nxb3 Qf7 29. Nd2 Rb8 30. Bf2 Rb7 31. Ndf1 Ra7 32. Rxa7 Bxa7 33. Ng3 Nb6 34. Nd1 Nbc8 35. Be3 d5 36. Qf2 d4 37. cxd4 exd4 38. Bc1 Nc6 39. Qd2 Bb8 40. Qh6 Bxg3+ 41. Kxg3 Ne5 42. Nf2 Ne7 43. Bf4 N7c6 44. Kh2 c4 45. dxc4 bxc4 46. Kg1 c3 47. bxc3 dxc3 48. Nh1 c2 49. Ng3 Qa7+ 50. Kh1 Qf2 51. Nxh5 Qxh4+ 52. Kg1 Qe1+ 53. Kh2 Qh4+ 1/2-1/2

[Event "OLNN 2223 Schachfreunde HH - FC St. Pau"]
[Site "?"]
[Date "2023.01.15"]
[Round "4.5"]
[White "Stenner, Patrick"]
[Black "Mix, Clemens"]
[Result "0-1"]
[WhiteElo "2272"]
[BlackElo "2030"]
[PlyCount "142"]
[EventDate "2023.??.??"]

1. e4 c5 2. Nc3 Nc6 3. Bb5 Nd4 4. Nf3 a6 5. Bd3 e6 6. Nxd4 cxd4 7. Ne2 d5 8. O-O dxe4 9. Bxe4 Nf6 10. Bf3 Bc5 11. d3 Qc7 12. c4 dxc3 13. Nxc3 O-O 14. Bg5 Bd7 15. Rc1 Qb6 16. Na4 Bxa4 17. Qxa4 Rac8 18. b3 Bd4 19. Rc4 Rxc4 20. bxc4 Rd8 21. Qb3 Qxb3 22. axb3 b6 23. Bf4 a5 24. Rb1 Bc5 25. Rd1 Kf8 26. Kf1 Ke7 27. Ke2 Bd4 28. Rb1 Bc5 29. Bc6 Nd7 30. g4 e5 31. Bg5+ f6 32. Bd2 Nf8 33. Be4 Ne6 34. h4 Nd4+ 35. Kf1 g6 36. Kg2 Kd6 37. Bd5 Ne6 38. Kg3 Nf4 39. Be4 Ne2+ 40. Kg2 Nd4 41. Bd5 Nc2 42. Bh6 Nb4 43. Be4 Ke6 44. f4 f5 45. Bf3 Be3 46. gxf5+ gxf5 47. Bg5 Rg8 48. Kh3 exf4 49. Bh1 Ke5 50. Rd1 Nc2 51. Bd5 Rg6 52. Rf1 h6 53. Bd8 Kd4 54. Bc7 Kxd3 55. Bxf4 Ke2 56. Rf3 Bxf4 57. Rxf4 Ne3 58. Bf7 Rg1 59. Bh5+ Kd3 60. Kh2 Rb1 61. Bf7 Rxb3 62. c5 Rb2+ 63. Kg3 bxc5 64. Ra4 c4 65. Rxa5 c3 66. Ra3 Kd2 67. Bb3 Rxb3 68. Rxb3 c2 69. Rb2 Kc3 70. Kf4 Kd3 71. Ke5 Ke2 0-1

[Event "OLNN 2223 Schachfreunde HH - FC St. Pau"]
[Site "?"]
[Date "2023.01.15"]
[Round "4.6"]
[White "Gremmel, Jonas Simon"]
[Black "Breyther, Ruediger"]
[Result "0-1"]
[WhiteElo "2056"]
[BlackElo "2254"]
[PlyCount "104"]
[EventDate "2023.??.??"]

1. d4 Nf6 2. Nf3 e6 3. e3 b6 4. b3 Bb7 5. Bb2 Be7 6. Bd3 c5 7. Nbd2 cxd4 8. exd4 d6 9. O-O O-O 10. c4 Nbd7 11. Rc1 Re8 12. Re1 Rc8 13. Bb1 Nf8 14. Ng5 a6 15. Qe2 Qd7 16. Qd3 h6 17. Nge4 d5 18. Ng3 Bb4 19. a3 Bxd2 20. Qxd2 dxc4 21. bxc4 N8h7 22. Qd3 b5 23. c5 Nf8 24. f3 Red8 25. Rcd1 Bd5 26. Ne4 Ne8 27. Qe3 Qc7 28. Bc1 f5 29. Nf2 Nf6 30. Nd3 Re8 31. Bb2 Rcd8 32. Nb4 a5 33. Nxd5 Nxd5 34. Qe5 Qxe5 35. Rxe5 Nd7 36. Re2 N7f6 37. Rc1 Kf7 38. g3 Rb8 39. Bd3 Rec8 40. Kf2 Rc6 41. Rcc2 a4 42. Bc3 Nxc3 43. Rxc3 Nd5 44. Rc1 b4 45. Rb2 Rcc8 46. Ba6 bxa3 47. Rb7+ Rxb7 48. Bxb7 Nb4 49. Rc3 Rb8 50. c6 Nxc6 51. Bxc6 a2 52. Ra3 Rb2+ 0-1

[Event "OLNN 2223 Schachfreunde HH - FC St. Pau"]
[Site "?"]
[Date "2023.01.15"]
[Round "4.7"]
[White "Priebe, Jan"]
[Black "Dietz, Juergen"]
[Result "1/2-1/2"]
[WhiteElo "2229"]
[BlackElo "2119"]
[PlyCount "102"]
[EventDate "2023.??.??"]

1. e4 e6 2. d4 d5 3. Nd2 Be7 4. c3 dxe4 5. Nxe4 Bd7 6. Nf3 Bc6 7. Bd3 Nd7 8. O-O Ngf6 9. Ned2 O-O 10. Qe2 Re8 11. Nc4 Nf8 12. Nce5 Bxf3 13. Qxf3 Qd5 14. Qe2 c5 15. Be3 cxd4 16. Bxd4 Bc5 17. Bc4 Qd6 18. Rfd1 Qc7 19. Bxc5 Qxc5 20. Rd4 Red8 21. Rad1 Qb6 22. R4d2 Qc7 23. Bd3 Rd5 24. Nf3 Rad8 25. c4 R5d7 26. Ne5 Rd6 27. b4 b6 28. h3 Ng6 29. Bxg6 hxg6 30. Nf3 Rxd2 31. Rxd2 Rxd2 32. Qxd2 Ne4 33. Qd4 Nd6 34. Nd2 Nf5 35. Qd3 Kf8 36. Ne4 Ke7 37. c5 Qd7 38. Qc2 Nd4 39. Qd3 Nf5 40. Qa6 Qc7 41. a4 Nd4 42. Qc4 Qe5 43. f3 f5 44. c6 fxe4 45. c7 Nxf3+ 46. gxf3 Qg3+ 47. Kf1 Qxf3+ 48. Ke1 Qh1+ 49. Kd2 Qg2+ 50. Kc1 Qg1+ 51. Kb2 Qf2+ 1/2-1/2

[Event "OLNN 2223 SC Diogenes - Preetzer TSV"]
[Site "?"]
[Date "2023.01.15"]
[Round "4.1"]
[White "Moeller, Dustin"]
[Black "Schulenburg, Fabian"]
[Result "1-0"]
[WhiteElo "2249"]
[BlackElo "2317"]
[PlyCount "57"]
[EventDate "2023.??.??"]

1. e4 d5 2. exd5 Qxd5 3. Nc3 Qa5 4. d4 Nf6 5. Nf3 c6 6. Bc4 Bf5 7. Ne5 e6 8. g4 Be4 9. O-O Nbd7 10. Nxe4 Nxe4 11. Nxf7 Kxf7 12. Qe2 Nb6 13. Bb3 c5 14. Bxe6+ Kxe6 15. Qxe4+ Kf7 16. Qf5+ Ke8 17. Bg5 Nc8 18. Rfe1+ Ne7 19. Qe5 Qd8 20. d5 Qd7 21. Re4 Kf7 22. Rf4+ Kg8 23. d6 h6 24. Bxe7 Bxe7 25. dxe7 Re8 26. Re1 b6 27. Rf8+ Kh7 28. Qe4+ g6 29. Rf7+ 1-0

[Event "OLNN 2223 SC Diogenes - Preetzer TSV"]
[Site "?"]
[Date "2023.01.15"]
[Round "4.2"]
[White "Hochgraefe, Markus"]
[Black "Schwarz, Frank"]
[Result "1/2-1/2"]
[WhiteElo "2374"]
[BlackElo "2226"]
[PlyCount "62"]
[EventDate "2023.??.??"]

1. Nf3 d5 2. d4 Nf6 3. c4 e6 4. g3 Be7 5. Bg2 O-O 6. Nc3 c6 7. O-O Nbd7 8. b3 b6 9. Qd3 Bb7 10. Rd1 c5 11. cxd5 exd5 12. Bb2 Re8 13. e3 Rc8 14. dxc5 bxc5 15. Rac1 Qa5 16. Qb5 Qc7 17. Nh4 Nb6 18. Qa5 a6 19. Bh3 Qc6 20. Bg2 Qe6 21. Ne2 g5 22. Nf3 Ne4 23. Nd2 Nf6 24. Re1 Nfd7 25. Nf1 Bf6 26. Bxf6 Qxf6 27. Red1 Qe6 28. Rc2 Red8 29. Rdc1 h6 30. Rd1 Re8 31. Rdc1 Red8 1/2-1/2

[Event "OLNN 2223 SC Diogenes - Preetzer TSV"]
[Site "?"]
[Date "2023.01.15"]
[Round "4.3"]
[White "Reinecker, Kai"]
[Black "Schulenburg, Torben"]
[Result "0-1"]
[WhiteElo "2244"]
[BlackElo "2222"]
[PlyCount "108"]
[EventDate "2023.??.??"]

1. e4 e6 2. d4 d5 3. exd5 exd5 4. Nf3 Nf6 5. Bd3 Bd6 6. O-O O-O 7. Bg5 Re8 8. Nbd2 Nbd7 9. c4 dxc4 10. Nxc4 Nf8 11. Qc2 Be7 12. Rfe1 Nd5 13. Bxe7 Rxe7 14. Rxe7 Qxe7 15. Re1 Qd8 16. Qb3 c6 17. Ne3 Nb6 18. Bc4 Nxc4 19. Qxc4 Be6 20. Qb4 Qb6 21. Qxb6 axb6 22. a3 Rd8 23. Rd1 Bd5 24. Nxd5 Rxd5 25. h4 Ne6 26. Rd2 Kf8 27. Kf1 Ke7 28. g3 b5 29. Ke2 f6 30. Ke3 g6 31. Ne1 Ng7 32. g4 h5 33. f3 g5 34. Rh2 gxh4 35. Rxh4 Kd6 36. Nd3 hxg4 37. fxg4 Ne6 38. Rh6 Rxd4 39. Rxf6 Rxg4 40. b4 Ke7 41. Rh6 Rg3+ 42. Ke4 Rg4+ 43. Ke5 Rg5+ 44. Ke4 Rg7 45. Ke5 Nf8 46. Nc5 Nd7+ 47. Nxd7 Kxd7 48. Rh3 Kc7 49. Kd4 Rd7+ 50. Kc3 b6 51. Kb3 c5 52. a4 bxa4+ 53. Kxa4 Rd4 54. Rh7+ Kd8 0-1

[Event "OLNN 2223 SC Diogenes - Preetzer TSV"]
[Site "?"]
[Date "2023.01.15"]
[Round "4.4"]
[White "Kaid, Almar"]
[Black "Skibbe, Willi"]
[Result "1-0"]
[WhiteElo "2265"]
[BlackElo "2190"]
[PlyCount "89"]
[EventDate "2023.??.??"]

1. Nf3 d5 2. g3 Nf6 3. Bg2 e6 4. O-O c5 5. c4 d4 6. d3 Nc6 7. e3 Bd6 8. exd4 cxd4 9. Bg5 h6 10. Bxf6 Qxf6 11. Nbd2 Qd8 12. a3 a5 13. Qc2 O-O 14. Rfe1 e5 15. Rab1 a4 16. c5 Bc7 17. Nc4 Re8 18. b4 axb3 19. Rxb3 Na5 20. Nb6 Ra6 21. Rbb1 Bf5 22. Rb5 f6 23. Nd2 Bxb6 24. cxb6 Be6 25. Qc5 Qa8 26. f4 exf4 27. Rxe6 Rxe6 28. Bd5 Qe8 29. Rxa5 Kh8 30. Bxe6 Qxe6 31. Rxa6 Qe3+ 32. Kf1 Qxd3+ 33. Ke1 Qe3+ 34. Kf1 Qd3+ 35. Ke1 Qe3+ 36. Kf1 Qd3+ 37. Kg2 Qxd2+ 38. Kh3 Qd3 39. Ra8+ Kh7 40. Qd5 fxg3 41. hxg3 Qf1+ 42. Kh2 Qe2+ 43. Qg2 Qh5+ 44. Kg1 Qd1+ 45. Qf1 1-0

[Event "OLNN 2223 SC Diogenes - Preetzer TSV"]
[Site "?"]
[Date "2023.01.15"]
[Round "4.5"]
[White "Willsch, Matthias"]
[Black "Mach, Holger"]
[Result "1/2-1/2"]
[WhiteElo "2098"]
[BlackElo "2227"]
[PlyCount "82"]
[EventDate "2023.??.??"]

1. d4 Nf6 2. Nf3 g6 3. g3 Bg7 4. Bg2 O-O 5. O-O d6 6. b3 c6 7. Bb2 Nbd7 8. Re1 Qc7 9. e4 e5 10. dxe5 Nxe5 11. Nbd2 Nfd7 12. Rb1 Rd8 13. Nd4 b5 14. Qe2 Qb6 15. h3 a5 16. Qe3 c5 17. Ne2 Bb7 18. Nc3 Nf6 19. Nd5 Bxd5 20. exd5 Re8 21. Bxe5 Rxe5 22. Qd3 Rae8 23. Rxe5 Rxe5 24. c4 b4 25. Nf3 Re7 26. Re1 Qd8 27. Qb1 Qe8 28. Rxe7 Qxe7 29. Qe1 Kf8 30. Qxe7+ Kxe7 31. Nd2 Nd7 32. Kf1 Nb6 33. Ke2 a4 34. Be4 a3 35. Bc2 Bc3 36. Ne4 Bd4 37. f4 f5 38. Ng5 h6 39. Ne6 Bb2 40. Kf3 Kf6 41. Nc7 h5 1/2-1/2

[Event "OLNN 2223 SC Diogenes - Preetzer TSV"]
[Site "?"]
[Date "2023.01.15"]
[Round "4.6"]
[White "Gottuk, Stefan"]
[Black "Schwarzat, Julian"]
[Result "1/2-1/2"]
[WhiteElo "2149"]
[BlackElo "2131"]
[PlyCount "77"]
[EventDate "2023.??.??"]

1. d4 e6 2. Bf4 Nf6 3. e3 d5 4. Nd2 Be7 5. Bd3 O-O 6. h3 b6 7. Qe2 c5 8. c3 a5 9. Ngf3 Ba6 10. Bxa6 Nxa6 11. Qd3 Bd6 12. Bxd6 Qxd6 13. O-O c4 14. Qc2 b5 15. e4 dxe4 16. Nxe4 Nxe4 17. Qxe4 Nc7 18. Ng5 f5 19. Qe2 h6 20. Nf3 a4 21. a3 Rf6 22. Ne5 Nd5 23. Qf3 Kh7 24. g3 Rg8 25. h4 g5 26. hxg5 Rxg5 27. Kg2 Qe7 28. Rh1 Qg7 29. Rh4 Kg8 30. Re1 Kf8 31. Kf1 Qh7 32. Qh1 Rg7 33. Rh5 Kg8 34. Qh4 Re7 35. Nc6 Rg7 36. Nb4 Qg6 37. Nxd5 exd5 38. Qh1 Kh7 39. Qf3 1/2-1/2

[Event "OLNN 2223 SC Diogenes - Preetzer TSV"]
[Site "?"]
[Date "2023.01.15"]
[Round "4.7"]
[White "Kornrumpf, Joachim"]
[Black "Kilic, Oguz"]
[Result "0-1"]
[WhiteElo "2069"]
[BlackElo "2047"]
[PlyCount "86"]
[EventDate "2023.??.??"]

1. b3 e5 2. Bb2 Nc6 3. c4 f5 4. Nf3 d6 5. e3 Nf6 6. a3 g6 7. d4 e4 8. d5 Nb8 9. Nd4 Bg7 10. Be2 O-O 11. O-O Qe7 12. Nc3 c6 13. dxc6 bxc6 14. Qd2 Bb7 15. Rfd1 Na6 16. b4 Nc7 17. b5 c5 18. Nb3 Rad8 19. Qc2 Ne6 20. Na5 Ng5 21. Nxb7 Qxb7 22. Nd5 h5 23. Nf4 Qf7 24. Rd2 Ne6 25. Nxe6 Qxe6 26. Rad1 Ng4 27. h3 Ne5 28. Bxe5 Bxe5 29. f4 exf3 30. Bxf3 Qf6 31. Rd5 Qh4 32. Kf1 g5 33. e4 fxe4 34. Rxe5 dxe5 35. Rxd8 Rxd8 36. Bxe4 Qf4+ 37. Kg1 Qe3+ 38. Kh2 Rd2 39. Bd5+ Kg7 40. Qa4 Qf4+ 41. Kh1 Kf8 42. b6 g4 43. hxg4 Rf2 0-1

[Event "OLNN 2223 SC Diogenes - Preetzer TSV"]
[Site "?"]
[Date "2023.01.15"]
[Round "4.8"]
[White "Laqua, Christian"]
[Black "Dittmann, Hans-Adolf"]
[Result "1/2-1/2"]
[WhiteElo "2089"]
[BlackElo "2018"]
[PlyCount "86"]
[EventDate "2023.??.??"]

1. c4 Nf6 2. g3 g6 3. Bg2 Bg7 4. Nc3 e5 5. e4 d6 6. Nge2 O-O 7. O-O Nbd7 8. d3 a5 9. h3 Nc5 10. Be3 Nfd7 11. b3 c6 12. Qd2 f5 13. exf5 gxf5 14. f4 Ne6 15. fxe5 dxe5 16. d4 exd4 17. Nxd4 Nxd4 18. Bxd4 Nc5 19. Rad1 Qxd4+ 20. Qxd4 Bxd4+ 21. Rxd4 Be6 22. Ne2 Rfd8 23. Rfd1 Rxd4 24. Rxd4 Kg7 25. Nf4 Bf7 26. Nd3 Nxd3 27. Rxd3 Be6 28. Rd4 Kf6 29. Kf2 a4 30. Bf3 axb3 31. axb3 Ra3 32. Bd1 Ke5 33. Rd8 Ra2+ 34. Kf3 Ra1 35. Ke2 Rb1 36. Kd2 Rb2+ 37. Bc2 f4 38. gxf4+ Kxf4 39. Kc3 Ra2 40. Rh8 Bxh3 41. b4 Ke5 42. Kb3 Ra7 43. Rxh7 Be6 1/2-1/2